000 00398nam a22001697a 4500
003 MPLRDC
005 20220104114325.0
008 210129b ||||| |||| 00| 0 eng d
082 _a830.8 SJWC v.3
100 _a许燕
245 _a碧窗蜗见
_c
250 _a初版
260 _a
_b世界文物出版社
_c1983
300 _b
650 _a中国文学总集
942 _cBK
_o830.8 SJWC v.3
999 _c6598
_d6588